| 000 | 00431nam a22001337a 4500 | ||
|---|---|---|---|
| 082 | _aMSEE-3 | ||
| 100 |
_aSyed Ali Asadullah Bukhari _998872 |
||
| 245 | _aHardware implementation of scale invariant feature transform on fpga | ||
| 260 |
_aIslamabad _bNUST university _c2013 |
||
| 300 |
_a46p. : _eCD-ROM |
||
| 500 | _aSupervisor: Dr. Rehan Hafiz | ||
| 856 | _uhttp://10.250.8.41:8080/xmlui/handle/123456789/8851 | ||
| 942 |
_cPR _2ddc |
||
| 999 |
_c488992 _d488992 |
||